Томск в цифрах (2000-2004 гг.): статистический сборник

書誌詳細
団体著者: Томская область Комитет государственной статистики (Томскстат)
その他の著者: Касинский С. В. (редактор)
要約:В сборнике представлены статистические данные о социально-экономическом положении города в 2004 году в сравнении с предыдущими годами. В сборник включено более 200 таблиц, характеризующих развитие города в целом, а также отдельных его отраслей и секторов.
言語:ロシア語
出版事項: Томск, Томскоблкомстат, 2005
主題:
フォーマット: 図書
KOHA link:https://koha.lib.tpu.ru/cgi-bin/koha/opac-detail.pl?biblionumber=91532

MARC

LEADER 00000nam0a2200000 4500
001 91532
005 20231031104126.0
035 |a (RuTPU)RU\TPU\book\98120 
035 |a RU\TPU\book\61631 
090 |a 91532 
100 |a 20060227d2005 km y0rusy50 ca 
101 0 |a rus 
102 |a RU 
105 |a y i 001zy 
200 1 |a Томск в цифрах (2000-2004 гг.)  |e статистический сборник  |f Томская область, Комитет государственной статистики (Томскстат) ; под ред. С. В. Касинского 
210 |a Томск  |c Томскоблкомстат  |d 2005 
215 |a 175 с. 
320 |a Краткий глоссарий: с. 164-170 
330 |a В сборнике представлены статистические данные о социально-экономическом положении города в 2004 году в сравнении с предыдущими годами. В сборник включено более 200 таблиц, характеризующих развитие города в целом, а также отдельных его отраслей и секторов. 
610 1 |a экономика 
610 1 |a статистика 
610 1 |a Сибирь 
610 1 |a Томск 
610 1 |a население 
610 1 |a окружающая среда 
610 1 |a охрана 
610 1 |a труд 
610 1 |a жизненный уровень 
610 1 |a социальная защита 
610 1 |a жилищные условия 
610 1 |a образование 
610 1 |a здравоохранение 
610 1 |a культура 
610 1 |a предприятия 
610 1 |a промышленность 
610 1 |a сельское хозяйство 
610 1 |a строительство 
610 1 |a транспорт 
610 1 |a торговля 
610 1 |a наука 
610 1 |a финансы 
610 1 |a инвестиции 
610 1 |a цены 
686 |a У9(2Р53)-05  |v LBC/SL-A  |2 rubbk 
702 1 |a Касинский  |b С. В.  |4 340 
712 0 1 |a Томская область  |b Комитет государственной статистики (Томскстат)  |2 stltpush  |3 (RuTPU)RU\TPU\col\372 
801 1 |a RU  |b 63413507  |c 20031201  |g PSBO 
801 2 |a RU  |b 63413507  |c 20120710  |g PSBO 
942 |c BK